Statistics for Ariana Grande Top 75 UK Hits

Click here to take the quiz!

General Stats

  • This quiz has been taken 38 times
  • The average score is 27 of 42

Answer Stats

Chart PositionYearFeaturingAnswer% Correct
12014Jessie J, Nicki MinajBang Bang
97%
120197 Rings
90%
162014ZeddBreak Free
90%
22019Miley Cyrus, Lana Del ReyDon't Call Me Angel
90%
12020Positions
90%
12014Iggy AzaeleaProblem
90%
12020Lady GagaRain on Me
90%
42016Nicki MinajSide to Side
90%
42020Justin BieberStuck With U
86%
12018Thank U Next
86%
202018Nicki MinajBed
83%
42019Social HouseBoyfriend
83%
172016Dangerous Woman
83%
232019Victoria MonetMonopoly
83%
162020Doja CatMotive
79%
22018No Tears Left To Cry
79%
642018Troye SivanDance to This
76%
412013Mac MillerThe Way
76%
42018God is a Woman
72%
482014WeekndLove Me Harder
72%
82018Breathin
69%
142016Into You
69%
572018Nicki MinajThe Light is Coming
69%
3202034+35
66%
12019Break Up With Your Girlfriend, I'm Bored
66%
22015One Last Time
66%
102015Focus
59%
522017John LegendBeauty and the Beast
55%
442021Demi LovatoMet Him Last Night
52%
672020Mariah Carey, Jennifer HudsonOh Santa
52%
192020POV
52%
512019Normani, Nicki MinajBad to You
48%
252017Calvin Harris, Young Thung, PharrellHeatstroke
48%
372021Kelly ClarksonSanta Can't You Hear Me
45%
492013Nathan SykesAlmost is Never Enough
38%
652016Be Alright
34%
82018Imagine
34%
222018Sweetener
34%
82019Needy
31%
112014Santa Tell Me
24%
602017Somewhere Over the Rainbow
14%
382021Test Drive
3%

Score Distribution

Percentile by Number Answered

Percent of People with Each Score

Your Score History

You have not taken this quiz